| 000 | 00859nam a22002657 4500 | ||
|---|---|---|---|
| 001 | 190443 | ||
| 003 | ES-MaACL | ||
| 005 | 20250825062637.0 | ||
| 008 | 210330s2004 sp 000 j spa | ||
| 020 | _a84-263-4846-7 | ||
| 080 | _a087.5:82 | ||
| 100 | 1 |
_aGisbert, Joan Manuel ( _d1949-) _9171147 |
|
| 245 | 1 | 3 |
_aEl arquitecto y el emperador de Arabia / _cJoan Manuel Gisbert. |
| 250 | _a2ª ed. rev., 23ª imp. | ||
| 260 |
_aZaragoza : _bEdelvives, _c2004. |
||
| 300 |
_a122 p. ; _c22 cm. |
||
| 490 | 1 |
_aAlandar ; _v10 |
|
| 655 | 7 |
_aLibros infantiles _2tgfbne _9226786 |
|
| 830 | 1 |
_aAlandar ; _v10 _9225884 |
|
| 852 | 4 |
_aES-MaACL _jA-14644 _9197620 _bR.152379 _cDEPO1 _dOlim: N-7644 _hDonación: José Lázaro |
|
| 903 |
_9234219 _aLázaro García, José _ednr |
||
| 942 |
_2udc _cMONOGRAFIA |
||
| 999 |
_c190443 _d190443 |
||